LEADER 01769nam 2200433 n 450 001 996385067703316 005 20200818213800.0 035 $a(CKB)4940000000068927 035 $a(EEBO)2240917083 035 $a(UnM)99855590e 035 $a(UnM)99855590 035 $a(EXLCZ)994940000000068927 100 $a19920902d1635 uy | 101 0 $alat 135 $aurbn||||a|bb| 200 10$aBellum grammaticale, sive, Nominum verborumq[ue], discordia civilis tragico-com?dia$b[electronic resource] $eSummo cum applausu olim apud Oxonienses in scænam producta, & nunc in omnium illorum qui ad gra[m]maticam animos appellunt oblectamentum edita 210 $aLondini $cExcudebant B. A[lsop] & T. F[awcet] Impensis Ioh. Spenceri$d1635 215 $a[12], 66 p 300 $aA dramatized version of: Guarna, Andrea. Bellum grammaticale nominis & verbi regum, de principalitate orationis inter se contendentium. 300 $aThe dramatization sometimes attributed to Leonard Hutton. 300 $aPrinters' names from STC. 300 $aErrata on A7r. 300 $aReproduction of the original in the Folger Shakespeare Library. 330 $aeebo-0055 606 $aLatin language$xGrammar$vEarly works to 1800 606 $aLatin language$xGrammar$xHumor$vEarly works to 1800 615 0$aLatin language$xGrammar 615 0$aLatin language$xGrammar$xHumor 700 $aGuarna$b Andrea$0479360 701 $aSpencer$b John$fd. 1680.$01003384 702 $aHutton$b Leonard 801 0$bCu-RivES 801 1$bCu-RivES 801 2$bCStRLIN 801 2$bWaOLN 906 $aBOOK 912 $a996385067703316 996 $aBellum grammaticale, sive, Nominum verborumq, discordia civilis tragico-com?dia$92327217 997 $aUNISA LEADER 01347nas 2200421-a 450 001 996212664003316 005 20220322213019.0 011 $a2328-2002 035 $a(DE-599)ZDB2538518-5 035 $a(OCoLC)300516480 035 $a(CKB)110978978554205 035 $a(CONSER)--2010234739 035 $a(EXLCZ)99110978978554205 100 $a20090130b19812005 --- a 101 0 $aeng 135 $aur||||||||||| 181 $ctxt$2rdacontent 182 $cc$2rdamedia 183 $acr$2rdacarrier 200 10$aText $etransactions of the Society for Textual Scholarship 210 $aNew York $cAMS Press$d©1984-©2005 300 $aPublished: Ann Arbor : University of Michigan Press, v. 7 (1994)--v. 16 (2006); Bloomington, Indiana : Society for Textual Scholarship, v. 17 (2005). 311 $a0736-3974 531 $aTEXT TRANSACTIONS 606 $aCriticism, Textual$vPeriodicals 606 $aCritique textuelle 606 $aCriticism, Textual$2fast$3(OCoLC)fst00883762 608 $aPeriodicals.$2fast 608 $aPeriodicals.$2lcgft 615 0$aCriticism, Textual 615 6$aCritique textuelle. 615 7$aCriticism, Textual. 676 $a801/.959/05 712 02$aSociety for Textual Scholarship. 906 $aJOURNAL 912 $a996212664003316 996 $aText$9649997 997 $aUNISA